Picture for language learning (0 521 35800 0)

সংরক্ষণ করুন:
গ্রন্থ-পঞ্জীর বিবরন
প্রধান লেখক: ANDREW WRIGHT
বিন্যাস: গ্রন্থ
ভাষা:Undetermined
প্রকাশিত: Cambridge 1999
ট্যাগগুলো: ট্যাগ যুক্ত করুন
কোনো ট্যাগ নেই, প্রথমজন হিসাবে ট্যাগ করুন!
Thư viện lưu trữ: Trung tâm Học liệu Trường Đại học Cần Thơ
LEADER 00415nam a2200145Ia 4500
001 CTU_49607
008 210402s9999 xx 000 0 und d
082 |a 418.007 
082 |b W947 
100 |a ANDREW WRIGHT 
245 0 |a Picture for language learning (0 521 35800 0) 
245 0 |c ANDREW WRIGHT, ANDREW WRIGHT 
260 |b Cambridge 
260 |c 1999 
980 |a Trung tâm Học liệu Trường Đại học Cần Thơ